000 00480nam a2200169Ia 4500
008 230917s9999||||xx |||||||||||||| ||und||
020 _cRS845
040 _e237274
_aMAIN
041 _aEnglish
082 _a658.3 R18H
100 _aRao, T V
245 0 _aHRD, OD, and institution building: Essays in memory of udai pareek
260 _aNew Delhi
_bSage Publications
_c2016
300 _axi, 450 p.
500 _a2571 18/01/2017 HBD17/6791 19/01/2017 IHTM (SFS)
942 _cBK
999 _c20978
_d20978